00706ngm a2200193 a 450000500170000000800410001702000150005808200190007311000380009224500970013025000190022730000350024665000570028126400510033833600270038933700330041633800280044904000350047720220317001238.0160825s2000 ck g 000 0 spa  a958664082504aR 025.31bB15c aBanco de la República. Bogotá aCatálogo de colecciones 2000bred nacional de bibliotecascBanco de la RepúblicahCD-ROM a1a. edición  a1 CD-ROM bestéreo c12 cm 142LEMBaCatálogos de bibliotecasvCD-ROM zColombia  aBogotábBiblioteca Luis Ángel Arangoc2000 atextobtxt2rdacontent asin mediaciónbn2rdamedia avolumenbnc2rdacarrier aCO-BoRNBPbspaerdacCO-BoRNBP